Σύγχρονες Χώρες της Ρώσικης Αυτοκρατορίας το 1898 σε Χάρτη - Statistics

General Stats
  • This quiz has been taken 39 times
  • The average score is 17 of 19
Answers on the Map
Answers color-coded by a green-red scale on the quiz's map according to % correct below.
 
Answer Stats
Χώρες % Correct
Ρωσία
100%
Λετονία
97%
Ουκρανία
97%
Αζερμπαϊτζάν
94%
Αρμενία
94%
Γεωργία
94%
Εσθονία
94%
Λευκορωσία
94%
Λιθουανία
94%
Τουρκμενιστάν
94%
Καζακστάν
90%
Μολδαβία
90%
Ουζμπεκιστάν
87%
Φινλανδία
87%
Πολωνία
84%
Κιργιζία
81%
Τατζικιστάν
81%
Τουρκία
65%
Κίνα
39%
No matching quizzes found
Score Distribution
Percent of People with Each Score
Percentile by Number Answered
Your Score History
You have not taken this quiz